[Event "LLHH 2324 Hamburger SK V - SK Johanneum "]
[Site "?"]
[Date "2024.02.04"]
[Round "5.8"]
[White "Braun, Julian"]
[Black "Miller, Jonathan"]
[Result "1/2-1/2"]
[WhiteElo "1661"]
[BlackElo "1848"]
[PlyCount "60"]
[EventDate "2024.??.??"]

1. e4 c6 2. Nc3 d5 3. Qf3 dxe4 4. Nxe4 Nf6 5. Bc4 Nbd7 6. Nxf6+ exf6 7. d4 Bd6 8. Ne2 O-O 9. O-O Qc7 10. Bf4 Bxf4 11. Qxf4 Qxf4 12. Nxf4 Nb6 13. Bb3 Bf5 14. Rfe1 Rfe8 15. c3 Kf8 16. Kf1 Be4 17. f3 Bf5 18. Rxe8+ Rxe8 19. Re1 Rxe1+ 20. Kxe1 Ke7 21. Kd2 h6 22. Nd3 Nd7 23. Ke3 Be6 24. Bc2 Bf5 25. Kf4 Bg6 26. Nb4 Bxc2 27. Nxc2 g6 28. Ne3 f5 29. Nc4 b6 30. a4 f6 1/2-1/2

[Event "LLHH 2324 SV Großhansdorf - SK Union Ei"]
[Site "?"]
[Date "2024.02.04"]
[Round "5.1"]
[White "Schultz, Andreas"]
[Black "Wahls, Matthias"]
[Result "1/2-1/2"]
[WhiteElo "2148"]
[BlackElo "2532"]
[PlyCount "80"]
[EventDate "2024.??.??"]

1. d4 Nf6 2. c4 e6 3. Nc3 Bb4 4. e3 O-O 5. Bd2 b6 6. Bd3 Bb7 7. f3 c5 8. Nge2 cxd4 9. Nxd4 Be7 10. O-O d6 11. Qc2 Nbd7 12. Ne4 Ne8 13. Nf2 Nef6 14. Bc3 Rc8 15. Nb3 Ba6 16. Qe2 Rc7 17. Rac1 Qc8 18. Rfd1 Qb8 19. Nd2 Rfc8 20. b3 Nc5 21. Bb1 b5 22. cxb5 Bxb5 23. Qe1 Nfd7 24. Bb2 h6 25. Nde4 Nxe4 26. Nxe4 d5 27. Rxc7 Rxc7 28. Nc3 Ba6 29. Na4 Bb5 30. Nc3 Ba6 31. Ne2 e5 32. f4 Bf6 33. Ba3 Qb6 34. Qf2 Bb5 35. fxe5 Nxe5 36. Nd4 Bd7 37. h3 Rc8 38. Re1 Re8 39. Nf5 Re6 40. Qg3 Kh8 1/2-1/2

[Event "LLHH 2324 SV Großhansdorf - SK Union Ei"]
[Site "?"]
[Date "2024.02.04"]
[Round "5.2"]
[White "Paul, Anatolij"]
[Black "Franke, Lutz"]
[Result "1/2-1/2"]
[WhiteElo "2066"]
[BlackElo "2108"]
[PlyCount "101"]
[EventDate "2024.??.??"]

1. d4 e6 2. Nf3 f5 3. h3 Nf6 4. g4 d5 5. Rg1 g6 6. Bg5 c5 7. Nc3 Nc6 8. e3 a6 9. gxf5 gxf5 10. Ne5 cxd4 11. exd4 Be7 12. Bb5 Bd7 13. Bxf6 Bxf6 14. Qh5+ Ke7 15. Qf7+ Kd6 16. Nxd7 Bxd4 17. Bxc6 bxc6 18. Ne2 Bxf2+ 19. Kxf2 Qxd7 20. Qf6 Rhf8 21. Qd4 e5 22. Qb4+ Ke6 23. Qc5 Qa7 24. Nd4+ exd4 25. Qxc6+ Kf7 26. Qxd5+ Kf6 27. Rae1 Rae8 28. Kf3 Qa8 29. Qxa8 Rxa8 30. Re2 Rfe8 31. Rge1 Rxe2 32. Rxe2 Rb8 33. b3 Rc8 34. Kf4 Rc5 35. Rd2 Ke6 36. Rxd4 Rxc2 37. Ra4 Rf2+ 38. Kg3 Rb2 39. Rxa6+ Ke5 40. Ra4 Rc2 41. h4 Rc3+ 42. Kg2 f4 43. Rc4 Rg3+ 44. Kf2 Rh3 45. h5 Kf5 46. b4 Kg4 47. Kg1 Rg3+ 48. Kf2 Rf3+ 49. Kg2 Rg3+ 50. Kf1 Rf3+ 51. Kg2 1/2-1/2

[Event "LLHH 2324 SV Großhansdorf - SK Union Ei"]
[Site "?"]
[Date "2024.02.04"]
[Round "5.3"]
[White "Foerster, Andreas"]
[Black "Spindel, Ulrich"]
[Result "1/2-1/2"]
[WhiteElo "2167"]
[BlackElo "2091"]
[PlyCount "42"]
[EventDate "2024.??.??"]

1. d4 e6 2. c4 d5 3. Nc3 Nf6 4. Bf4 Bd6 5. Bxd6 Qxd6 6. e3 O-O 7. c5 Qe7 8. f4 b6 9. b4 c6 10. Nf3 Ba6 11. Bxa6 Nxa6 12. Rb1 b5 13. a4 Nc7 14. Ne5 Qe8 15. axb5 Nxb5 16. Nxb5 cxb5 17. Ra1 Ne4 18. Qd3 f6 19. Nf3 Qc6 20. Ra5 a6 21. O-O Rf7 1/2-1/2

[Event "LLHH 2324 SV Großhansdorf - SK Union Ei"]
[Site "?"]
[Date "2024.02.04"]
[Round "5.4"]
[White "Felten, Joachim"]
[Black "Stelting, Thorsten"]
[Result "1-0"]
[WhiteElo "2089"]
[BlackElo "2156"]
[PlyCount "93"]
[EventDate "2024.??.??"]

1. e4 e5 2. Nf3 Nc6 3. d4 exd4 4. Bc4 Nf6 5. O-O Nxe4 6. Re1 d5 7. Bxd5 Qxd5 8. Nc3 Qh5 9. Nxe4 Be6 10. Bg5 h6 11. Bf6 Be7 12. Bxe7 Nxe7 13. Nxd4 Qxd1 14. Raxd1 O-O-O 15. Nc5 Nf5 16. Ncxe6 fxe6 17. Nxe6 Rxd1 18. Rxd1 Re8 19. Nf4 g5 20. Nd3 Re2 21. c3 b6 22. Kf1 Re6 23. b3 a5 24. Nc1 Nh4 25. h3 Ng6 26. Ne2 Nh4 27. Rd2 c5 28. c4 Nf5 29. Nc3 Nd4 30. Nd5 Kb7 31. Rd1 Nc2 32. Rc1 Nb4 33. Nxb4 axb4 34. Rd1 b5 35. cxb5 Kb6 36. Rc1 Kxb5 37. Rc4 Ra6 38. Rc2 Re6 39. g3 Rd6 40. f4 gxf4 41. gxf4 Rf6 42. Rf2 c4 43. bxc4+ Kxc4 44. Ke2 Rb6 45. f5 Rf6 46. Ke3 Kc3 47. Kf4 1-0

[Event "LLHH 2324 SV Großhansdorf - SK Union Ei"]
[Site "?"]
[Date "2024.02.04"]
[Round "5.5"]
[White "Adloff, Ralf"]
[Black "Ennenbach, Ralph"]
[Result "1/2-1/2"]
[WhiteElo "2075"]
[BlackElo "2109"]
[PlyCount "86"]
[EventDate "2024.??.??"]

1. Nf3 d6 2. d4 Bg4 3. Nbd2 Nd7 4. h3 Bxf3 5. Nxf3 e5 6. e3 e4 7. Nd2 f5 8. g4 Qh4 9. gxf5 Nh6 10. Bg2 Nf6 11. Qe2 a6 12. b3 O-O-O 13. Bb2 Nxf5 14. O-O-O d5 15. c4 c6 16. Kb1 Bd6 17. Rc1 Kb8 18. Bc3 Rhf8 19. Ba5 Rc8 20. c5 Bc7 21. b4 Bxa5 22. bxa5 Nd7 23. Rhg1 Qf6 24. Rc2 Nh4 25. Nb3 Nxg2 26. Rxg2 Rf7 27. Qg4 g6 28. Rb2 Qf3 29. Nd2 Qxg4 30. hxg4 Rcf8 31. Nf1 Nf6 32. Kc1 h5 33. gxh5 gxh5 34. Kd1 Ng4 35. Ke1 Kc8 36. Nh2 Rg8 37. Nxg4 Rxg4 38. Rxg4 hxg4 39. Ke2 Rf3 40. Rb1 g3 41. fxg3 Rxg3 42. Rf1 Rg2+ 43. Rf2 Rg1 1/2-1/2

[Event "LLHH 2324 SV Großhansdorf - SK Union Ei"]
[Site "?"]
[Date "2024.02.04"]
[Round "5.6"]
[White "Limbach, Torsten"]
[Black "Winter, Markus"]
[Result "1/2-1/2"]
[WhiteElo "1954"]
[BlackElo "2007"]
[PlyCount "63"]
[EventDate "2024.??.??"]

1. c4 Nf6 2. g3 c6 3. Bg2 d5 4. Nf3 Bf5 5. cxd5 cxd5 6. Qb3 Qb6 7. Qxb6 axb6 8. Nc3 Nc6 9. d3 e5 10. e4 dxe4 11. Nh4 Be6 12. dxe4 Nd4 13. O-O Nc2 14. Rb1 Bxa2 15. Nxa2 Rxa2 16. Nf5 g6 17. Ne3 Nxe3 18. Bxe3 Nd7 19. Rfc1 Bc5 20. b4 Bxe3 21. fxe3 O-O 22. Rc7 Nf6 23. Rxb7 Ng4 24. Re1 Rd8 25. h3 Rdd2 26. hxg4 Rxg2+ 27. Kh1 Rxg3 28. Rf1 Rh3+ 29. Kg1 Rg3+ 30. Kh1 Rh3+ 31. Kg1 Rg3+ 32. Kh1 1/2-1/2

[Event "LLHH 2324 SV Großhansdorf - SK Union Ei"]
[Site "?"]
[Date "2024.02.04"]
[Round "5.7"]
[White "Kirschneck, Erich"]
[Black "Varain, Ernst-Helmuth"]
[Result "1/2-1/2"]
[WhiteElo "1972"]
[BlackElo "2028"]
[PlyCount "36"]
[EventDate "2024.??.??"]

1. c4 Nf6 2. Nc3 d5 3. cxd5 Nxd5 4. d4 g6 5. e4 Nxc3 6. bxc3 Bg7 7. Bc4 c5 8. Ne2 cxd4 9. cxd4 Nc6 10. Be3 O-O 11. Qd2 Qa5 12. Rd1 e6 13. O-O Rd8 14. Bg5 Qxd2 15. Rxd2 f6 16. Bf4 Na5 17. Bd3 Nc6 18. Bc4 Na5 1/2-1/2

[Event "LLHH 2324 Hamburger SK IV - SK Weisse Da"]
[Site "?"]
[Date "2024.02.04"]
[Round "5.1"]
[White "Popist, Florian"]
[Black "Fehling, Michael"]
[Result "1-0"]
[WhiteElo "2187"]
[BlackElo "2118"]
[PlyCount "109"]
[EventDate "2024.??.??"]

1. e4 c5 2. Nc3 g6 3. d4 cxd4 4. Qxd4 Nf6 5. Nf3 Nc6 6. Qa4 d6 7. e5 dxe5 8. Nxe5 Bg7 9. Bb5 O-O 10. Nxc6 bxc6 11. Bxc6 Rb8 12. O-O a5 13. a3 Qc7 14. h3 Bf5 15. Bf3 h6 16. Re1 g5 17. Nb5 Qxc2 18. Qxc2 Bxc2 19. Nd4 Ba4 20. Rxe7 Rfd8 21. Nf5 Bf8 22. Re1 Bc2 23. Ne3 Bb3 24. Nf1 Bd5 25. Bd1 Bg7 26. Ne3 Bc6 27. Bf3 Nd5 28. Bxd5 Bxd5 29. Nxd5 Rxd5 30. Rb1 a4 31. Kf1 f5 32. Ke2 Re8+ 33. Kf1 Rb8 34. g3 Kf7 35. Kg2 Bf8 36. Be3 Bg7 37. Rec1 Bxb2 38. Rc7+ Kg8 39. Ra7 Rdb5 40. Rxa4 Rb3 41. Ra6 Kh7 42. Ra7+ Kg6 43. a4 Be5 44. Rc1 f4 45. Rc6+ Kf5 46. Kf3 Bf6 47. Rf7 fxe3 48. Rfxf6+ Ke5 49. Rce6+ Kd5 50. Rxe3 Rxe3+ 51. Kxe3 Ra8 52. Rxh6 Rxa4 53. Rg6 Ra3+ 54. Ke2 Ra2+ 55. Kf3 1-0

[Event "LLHH 2324 Hamburger SK IV - SK Weisse Da"]
[Site "?"]
[Date "2024.02.04"]
[Round "5.2"]
[White "Meier, David Geffrey"]
[Black "Akca, Gani Eren"]
[Result "0-1"]
[WhiteElo "2124"]
[BlackElo "2152"]
[PlyCount "82"]
[EventDate "2024.??.??"]

1. d4 Nf6 2. c4 g6 3. Nc3 Bg7 4. Nf3 O-O 5. e4 d6 6. Be2 e5 7. O-O Nc6 8. d5 Ne7 9. b4 Nh5 10. Ne1 Nf4 11. Nd3 Nxe2+ 12. Qxe2 a5 13. bxa5 c5 14. Bd2 Rxa5 15. a4 f5 16. f4 exf4 17. Nxf4 Ra6 18. Rab1 fxe4 19. Ne6 Bxe6 20. dxe6 Bd4+ 21. Kh1 e3 22. Be1 Nf5 23. Nd5 Qe8 24. e7 Nxe7 25. Rxf8+ Qxf8 26. Nxe3 Rxa4 27. Ng4 Ra2 28. Qe6+ Kh8 29. Bh4 Qf5 30. Bf6+ Bxf6 31. Qxf6+ Qxf6 32. Nxf6 Rd2 33. Kg1 Kg7 34. Ng4 h5 35. Ne3 Re2 36. Rb3 Nf5 37. Nd5 Rc2 38. Rxb7+ Kh6 39. Nf6 Ne3 40. g3 Rg2+ 41. Kh1 Rc2 0-1

[Event "LLHH 2324 Hamburger SK IV - SK Weisse Da"]
[Site "?"]
[Date "2024.02.04"]
[Round "5.3"]
[White "Lansky, Georg"]
[Black "Posske, Thore"]
[Result "1-0"]
[WhiteElo "2085"]
[BlackElo "1976"]
[PlyCount "161"]
[EventDate "2024.??.??"]

1. e4 c6 2. d4 d5 3. Nd2 dxe4 4. Nxe4 Bf5 5. Ng3 Bg6 6. h4 h6 7. Nf3 Nd7 8. h5 Bh7 9. Bd3 Bxd3 10. Qxd3 Qc7 11. Ne4 O-O-O 12. g3 e5 13. Qb3 f5 14. Nc5 Nxc5 15. dxc5 Bxc5 16. Qe6+ Qd7 17. Qxd7+ Rxd7 18. Be3 Bxe3 19. fxe3 Nf6 20. Nxe5 Rd5 21. Nc4 b5 22. Nd2 Re8 23. Nf1 Ng4 24. Ke2 Rde5 25. Kd2 Nxe3 26. Nxe3 Rxe3 27. Raf1 Re2+ 28. Kd1 Rg2 29. Rxf5 Ree2 30. Rc5 Kc7 31. b4 a5 32. bxa5 Re3 33. Kc1 Rf3 34. Kb2 Rgxg3 35. Re5 Ra3 36. Re7+ Kd6 37. Rxg7 Rxa2+ 38. Kxa2 Rxg7 39. Rf1 Ke5 40. Rf8 Ra7 41. Rh8 Rxa5+ 42. Kb3 Ra4 43. Rxh6 Rc4 44. Rg6 Kf5 45. c3 Rc5 46. Rg1 Kf6 47. Rh1 Kg7 48. h6+ Kh7 49. Rh4 Rf5 50. Kb4 Rf3 51. Rh5 Rf4+ 52. Ka3 Rc4 53. Kb3 c5 54. Rd5 Kxh6 55. Rd6+ Kg7 56. Rb6 Rh4 57. Rxb5 Kf6 58. Rxc5 Ke6 59. Rc4 Rh8 60. Rd4 Rb8+ 61. Ka4 Ke5 62. Rb4 Ra8+ 63. Kb5 Kd6 64. Rd4+ Kc7 65. c4 Rh8 66. Rd5 Rh6 67. Rc5+ Kb7 68. Rg5 Kc7 69. Rg7+ Kc8 70. Re7 Kd8 71. Rb7 Kc8 72. Rb6 Rh5+ 73. c5 Kc7 74. Rg6 Rh7 75. Ra6 Rh1 76. Ra7+ Kb8 77. Rg7 Rb1+ 78. Kc6 Rh1 79. Rg8+ Ka7 80. Rd8 Rh2 81. Kc7 1-0

[Event "LLHH 2324 Hamburger SK IV - SK Weisse Da"]
[Site "?"]
[Date "2024.02.04"]
[Round "5.4"]
[White "Salenko, Vadim"]
[Black "Mandelbaum, Peter-Rene"]
[Result "1/2-1/2"]
[WhiteElo "1999"]
[BlackElo "2095"]
[PlyCount "102"]
[EventDate "2024.??.??"]

1. d4 Nf6 2. e3 g6 3. f4 Bg7 4. Nf3 O-O 5. Nbd2 d6 6. Bc4 Nc6 7. O-O e5 8. c3 Ng4 9. Re1 e4 10. Ng5 d5 11. Bb3 Nf6 12. Qe2 Bg4 13. Qf1 h6 14. Nh3 Bxh3 15. gxh3 Ne7 16. Bd1 h5 17. b3 Nf5 18. Ba3 Re8 19. Qf2 Qd7 20. Be2 Nh7 21. Kh1 Bf6 22. Qg1 Kh8 23. Nf1 Rg8 24. Rec1 c6 25. Rc2 Rg7 26. c4 dxc4 27. bxc4 Rag8 28. Rd1 g5 29. Bxh5 gxf4 30. Bg4 Ng5 31. Rg2 f3 32. Rg3 Nxg3+ 33. Nxg3 Nxh3 34. Bxd7 Nxg1 35. Kxg1 Bh4 36. Kf2 Rg5 37. Bd6 Ra5 38. a3 Rg6 39. Be5+ f6 40. Bf4 Rxa3 41. Bf5 Ra2+ 42. Kg1 Rg2+ 43. Kh1 Bxg3 44. Bxg3 R6xg3 45. hxg3 Re2 46. Kg1 Rg2+ 47. Kf1 Rh2 48. Ke1 Re2+ 49. Kf1 Rh2 50. Kg1 Rg2+ 51. Kf1 Rh2 1/2-1/2

[Event "LLHH 2324 Hamburger SK IV - SK Weisse Da"]
[Site "?"]
[Date "2024.02.04"]
[Round "5.5"]
[White "Ludwig, Jan"]
[Black "Hubert, Charlotte"]
[Result "1-0"]
[WhiteElo "2048"]
[BlackElo "1826"]
[PlyCount "73"]
[EventDate "2024.??.??"]

1. e4 c5 2. Nf3 d6 3. d4 cxd4 4. Nxd4 Nf6 5. Nc3 a6 6. Bg5 e6 7. f4 Be7 8. Qf3 Qc7 9. O-O-O Nbd7 10. g4 h6 11. Bxf6 Bxf6 12. h4 Nb6 13. g5 Bxd4 14. Rxd4 Qc5 15. Rd2 Bd7 16. Qd3 hxg5 17. fxg5 Ke7 18. Qg3 Na4 19. e5 Qxe5 20. Qxe5 dxe5 21. Rxd7+ Kxd7 22. Nxa4 Kc7 23. h5 Rad8 24. Be2 Rd4 25. Nc3 Rf4 26. Kd2 Rd8+ 27. Ke3 Kd7 28. Ne4 Ke7 29. c3 a5 30. Nc5 b6 31. Nd3 Rf5 32. Rg1 Rc8 33. Rg4 Rh8 34. Rg2 g6 35. hxg6 Rh3+ 36. Kd2 e4 37. g7 1-0

[Event "LLHH 2324 Hamburger SK IV - SK Weisse Da"]
[Site "?"]
[Date "2024.02.04"]
[Round "5.6"]
[White "Atri, Jamshid"]
[Black "Schiele, Lars"]
[Result "0-1"]
[WhiteElo "1994"]
[BlackElo "2030"]
[PlyCount "158"]
[EventDate "2024.??.??"]

1. e4 e5 2. Nf3 Nc6 3. Bb5 a6 4. Ba4 Nf6 5. O-O Be7 6. Re1 b5 7. Bb3 d6 8. c3 O-O 9. h3 Nb8 10. d4 Nbd7 11. Nbd2 Bb7 12. Bc2 Re8 13. a4 c5 14. d5 c4 15. Nf1 Bf8 16. g4 Nc5 17. Ng3 g6 18. Kh2 Bg7 19. Be3 Qc7 20. Nd2 Rab8 21. axb5 axb5 22. Qe2 Ra8 23. f3 Rxa1 24. Rxa1 Ra8 25. Rxa8+ Bxa8 26. Qf1 Bb7 27. Qg1 Nfd7 28. Qa1 Qb6 29. Kg2 Bf6 30. Qa3 Qa6 31. Qxa6 Bxa6 32. b4 cxb3 33. Bxb3 Bd8 34. Bc2 Ba5 35. Nb1 Nb6 36. Bxc5 dxc5 37. Kf2 Kf8 38. Ne2 Nc4 39. Nc1 Bb6 40. Bd3 Nd6 41. Be2 f5 42. Nd2 c4+ 43. Ke1 Be3 44. exf5 gxf5 45. Na2 Bb7 46. Nb4 Ke7 47. gxf5 Bxd2+ 48. Kxd2 Nxf5 49. Bd1 Nh4 50. Ke2 Kd6 51. Bc2 h6 52. Be4 Ng2 53. Kf2 Nf4 54. h4 Bxd5 55. Ke3 Bxe4 56. Kxe4 Ne2 57. Na2 Ng3+ 58. Ke3 Nf5+ 59. Kf2 Nxh4 60. Kg3 Ng6 61. Kg4 Nf4 62. Kf5 h5 63. Nb4 h4 64. Kg4 h3 65. Kg3 Ne2+ 66. Kxh3 Nxc3 67. Kg4 Kc5 68. Nc2 b4 69. Nxb4 Kxb4 70. Kf5 Ne2 71. Kxe5 c3 72. f4 Nxf4 73. Kxf4 c2 74. Ke5 c1=Q 75. Ke6 Qg5 76. Kd7 Qf6 77. Kc7 Kc5 78. Kb8 Qe7 79. Ka8 Kb6 0-1

[Event "LLHH 2324 Hamburger SK IV - SK Weisse Da"]
[Site "?"]
[Date "2024.02.04"]
[Round "5.7"]
[White "Kuhle, Sebastian"]
[Black "Juergens, Bernhard"]
[Result "1/2-1/2"]
[WhiteElo "2055"]
[BlackElo "2123"]
[PlyCount "35"]
[EventDate "2024.??.??"]

1. c4 e5 2. Nc3 Nc6 3. g3 g6 4. Bg2 Bg7 5. e4 d6 6. Nge2 f5 7. d3 Nf6 8. O-O O-O 9. Nd5 Be6 10. Bg5 Qd7 11. exf5 Bxf5 12. b4 Nxd5 13. Bxd5+ Be6 14. Bxe6+ Qxe6 15. b5 Nd8 16. Rc1 Qg4 17. Be3 Ne6 18. d4 {exd} 1/2-1/2

[Event "LLHH 2324 Hamburger SK IV - SK Weisse Da"]
[Site "?"]
[Date "2024.02.04"]
[Round "5.8"]
[White "Chyzynski, David"]
[Black "Purniel Umpierre, Christian"]
[Result "0-1"]
[WhiteElo "1770"]
[BlackElo "2002"]
[PlyCount "54"]
[EventDate "2024.??.??"]

1. d4 f5 2. Nf3 Nf6 3. c4 g6 4. Nc3 Bg7 5. Qc2 O-O 6. Bg5 c6 7. e3 d6 8. Bd3 Nbd7 9. Bxf6 Nxf6 10. h4 Qe8 11. O-O-O e5 12. dxe5 dxe5 13. e4 f4 14. Qb3 h6 15. Kb1 Qe7 16. Rd2 Kh8 17. Rhd1 Ng4 18. Bc2 Be6 19. Qa4 a5 20. Bb3 Qc5 21. Rd6 Rfe8 22. Qa3 Qxa3 23. bxa3 Bf8 24. R6d2 Bxa3 25. Kc2 Bc5 26. Na4 Bxf2 27. c5 Ne3+ 0-1

[Event "LLHH 2324 SC Diogenes - SK Union EimsbÃ"]
[Site "?"]
[Date "2024.02.25"]
[Round "6.1"]
[White "Schultz, Andreas"]
[Black "Hochgraefe, Markus"]
[Result "1/2-1/2"]
[WhiteElo "2148"]
[BlackElo "2359"]
[PlyCount "70"]
[EventDate "2024.??.??"]

1. d4 d5 2. c4 e6 3. Nc3 Nf6 4. cxd5 exd5 5. Bg5 c6 6. e3 h6 7. Bh4 Be7 8. Bd3 O-O 9. Qc2 Re8 10. Nge2 Nbd7 11. f3 Nf8 12. O-O Ne6 13. Bf2 c5 14. Rad1 cxd4 15. exd4 Bd7 16. Qb3 Bc6 17. Rc1 Qd7 18. Bf5 g6 19. Bh3 Nh5 20. Be3 Bf8 21. Qd1 Rad8 22. Qd2 Kh7 23. g4 Nf6 24. Bg2 Bg7 25. Ng3 Qd6 26. Kf2 Ng8 27. h4 Ne7 28. Bh3 Rf8 29. Rfe1 a6 30. Kg2 Ra8 31. Rf1 f5 32. gxf5 gxf5 33. f4 Rf7 34. Kh2 Raf8 35. Rf2 Ng6 1/2-1/2

[Event "LLHH 2324 SC Diogenes - SK Union EimsbÃ"]
[Site "?"]
[Date "2024.02.25"]
[Round "6.2"]
[White "Schulenburg, Fabian"]
[Black "Franke, Lutz"]
[Result "1/2-1/2"]
[WhiteElo "2270"]
[BlackElo "2108"]
[PlyCount "109"]
[EventDate "2024.??.??"]

1. e4 e6 2. d4 d5 3. e5 c5 4. c3 Nc6 5. Nf3 Qb6 6. Be2 Nh6 7. Bxh6 gxh6 8. Qd2 Bd7 9. O-O Rc8 10. dxc5 Qxc5 11. Na3 Bg7 12. Nc2 O-O 13. Bd3 Nxe5 14. Nxe5 Bxe5 15. Qxh6 f5 16. Kh1 Bg7 17. Qd2 e5 18. f4 e4 19. Be2 Ba4 20. Rac1 Bxc2 21. Qxc2 Rfd8 22. Qb3 Qb6 23. Qxb6 axb6 24. g4 d4 25. cxd4 Bxd4 26. Bc4+ Kf8 27. gxf5 Bxb2 28. Rb1 Rd2 29. Bb3 e3 30. Rfe1 Bd4 31. f6 Rc6 32. Rbd1 Rxf6 33. Rxd2 exd2 34. Rf1 Ke7 35. Kg2 Be3 36. f5 Kd6 37. Rf3 Bh6 38. Kf1 Ke5 39. Ke2 Bf4 40. Bc2 Rh6 41. h3 Rc6 42. Kd1 Rc7 43. Rf1 Rg7 44. Ke2 Rg2+ 45. Rf2 Rg7 46. Rf1 h6 47. Rf3 Rc7 48. Kd1 Rc8 49. Rf1 Rc3 50. f6 Rc7 51. Bb3 Rc1+ 52. Ke2 Rxf1 53. Kxf1 Kxf6 54. Ke2 b5 55. Kd1 1/2-1/2

[Event "LLHH 2324 SC Diogenes - SK Union EimsbÃ"]
[Site "?"]
[Date "2024.02.25"]
[Round "6.3"]
[White "Foerster, Andreas"]
[Black "Kaid, Almar"]
[Result "1/2-1/2"]
[WhiteElo "2167"]
[BlackElo "2302"]
[PlyCount "30"]
[EventDate "2024.??.??"]

1. d4 e6 2. c4 d5 3. Nf3 h6 4. g3 Nf6 5. Bg2 Bd6 6. Nc3 Nc6 7. O-O O-O 8. Qc2 dxc4 9. Rd1 Qe7 10. Nb5 a6 11. Nxd6 cxd6 12. Qxc4 Bd7 13. Qd3 e5 14. e4 Rac8 15. h3 Nb4 1/2-1/2

[Event "LLHH 2324 SC Diogenes - SK Union EimsbÃ"]
[Site "?"]
[Date "2024.02.25"]
[Round "6.4"]
[White "Schulenburg, Torben"]
[Black "Stelting, Thorsten"]
[Result "1/2-1/2"]
[WhiteElo "2229"]
[BlackElo "2156"]
[PlyCount "44"]
[EventDate "2024.??.??"]

1. d4 Nf6 2. c4 e6 3. Nc3 Bb4 4. Qc2 O-O 5. e4 c5 6. e5 cxd4 7. a3 dxc3 8. axb4 Ng4 9. Qxc3 d6 10. exd6 Qxd6 11. Nf3 e5 12. h3 Nf6 13. Be3 Ne4 14. Qa3 Nc6 15. Bd3 Bf5 16. Bxe4 Bxe4 17. Bc5 Qg6 18. Bxf8 Rxf8 19. b5 Bxf3 20. Qxf3 Nd4 21. Qg4 Qd3 22. Rc1 Nc2+ 1/2-1/2

[Event "LLHH 2324 SC Diogenes - SK Union EimsbÃ"]
[Site "?"]
[Date "2024.02.25"]
[Round "6.5"]
[White "Adloff, Ralf"]
[Black "Gottuk, Stefan"]
[Result "1/2-1/2"]
[WhiteElo "2075"]
[BlackElo "2171"]
[PlyCount "94"]
[EventDate "2024.??.??"]

1. Nf3 d5 2. e3 Nf6 3. b3 g6 4. Bb2 Bg7 5. c4 c6 6. Be2 O-O 7. O-O Re8 8. d4 Ne4 9. Nc3 Nd7 10. cxd5 Nxc3 11. Bxc3 cxd5 12. Rc1 Nb8 13. b4 Bg4 14. Qb3 e6 15. a4 Bxf3 16. Bxf3 Nd7 17. b5 b6 18. Bb4 Rc8 19. Bd6 Nf6 20. Rxc8 Qxc8 21. Ba3 Qd7 22. Rc1 Rc8 23. Rc3 Bf8 24. Bxf8 Kxf8 25. Qc2 Rxc3 26. Qxc3 Ke7 27. Kf1 Kd8 28. g3 Qc7 29. Qxc7+ Kxc7 30. Ke2 Kb7 31. Kd3 a6 32. e4 axb5 33. exd5 exd5 34. axb5 Kc7 35. Ke3 Kd6 36. h4 h6 37. Kf4 Ke6 38. Bg4+ Nxg4 39. Kxg4 f6 40. f3 f5+ 41. Kf4 Kf6 42. g4 fxg4 43. fxg4 h5 44. g5+ Ke6 45. Ke3 Kf5 46. Kf3 Ke6 47. Kf4 Kd6 1/2-1/2

[Event "LLHH 2324 SC Diogenes - SK Union EimsbÃ"]
[Site "?"]
[Date "2024.02.25"]
[Round "6.6"]
[White "Laqua, Christian"]
[Black "Winter, Markus"]
[Result "1/2-1/2"]
[WhiteElo "2017"]
[BlackElo "2007"]
[PlyCount "33"]
[EventDate "2024.??.??"]

1. c4 Nf6 2. g3 c6 3. Nf3 d5 4. b3 Bf5 5. Bb2 e6 6. Bg2 h6 7. d3 Nbd7 8. Nbd2 Be7 9. O-O O-O 10. a3 a5 11. Rc1 Bh7 12. Rc2 Qb6 13. Qa1 Ne8 14. Rfc1 Bf6 15. Bh3 Bxb2 16. Qxb2 Nef6 17. Ne5 1/2-1/2

[Event "LLHH 2324 SC Diogenes - SK Union EimsbÃ"]
[Site "?"]
[Date "2024.02.25"]
[Round "6.7"]
[White "Leonardi, Karlheinz"]
[Black "Hohlfeld, Wolfgang"]
[Result "1/2-1/2"]
[WhiteElo "2103"]
[BlackElo "2041"]
[PlyCount "49"]
[EventDate "2024.??.??"]

1. c4 c6 2. Nf3 d5 3. e3 Nf6 4. b3 g6 5. Bb2 Bg7 6. Be2 O-O 7. O-O Nbd7 8. d4 Ne4 9. Nc3 Nxc3 10. Bxc3 Nf6 11. Bd3 Be6 12. Qe2 Qc8 13. Rac1 Bf5 14. cxd5 Bxd3 15. Qxd3 Nxd5 16. Bd2 Qd8 17. Rfd1 Nf6 18. b4 Qd5 19. a4 Ne4 20. Be1 a6 21. Qc4 Rfd8 22. Qxd5 Rxd5 23. Kf1 Rad8 24. Ke2 f5 25. h4 1/2-1/2

[Event "LLHH 2324 SC Diogenes - SK Union EimsbÃ"]
[Site "?"]
[Date "2024.02.25"]
[Round "6.8"]
[White "Buchholz, Robert"]
[Black "Kirschneck, Erich"]
[Result "1/2-1/2"]
[WhiteElo "1953"]
[BlackElo "1972"]
[PlyCount "62"]
[EventDate "2024.??.??"]

1. d4 Nf6 2. c4 e6 3. Nf3 d5 4. Nc3 Be7 5. Bf4 c6 6. e3 O-O 7. h3 Nbd7 8. Bd3 dxc4 9. Bxc4 Nd5 10. Bg3 Qa5 11. Qc2 N7f6 12. O-O Nxc3 13. bxc3 b6 14. Ne5 Bb7 15. Be2 c5 16. Nc4 Be4 17. Qxe4 Nxe4 18. Nxa5 bxa5 19. Bc7 Nxc3 20. Bf3 Rac8 21. Bxa5 cxd4 22. exd4 Nb5 23. d5 exd5 24. Bxd5 Bf6 25. Rac1 Nc3 26. Bxc3 Rxc3 27. Rxc3 Bxc3 28. Rc1 Rc8 29. Kf1 Kf8 30. Ke2 Rc7 31. Kd3 Ba5 1/2-1/2

[Event "LLHH 2324 SK Johanneum Eppendorf II - SV"]
[Site "?"]
[Date "2024.02.25"]
[Round "6.1"]
[White "Wahls, Matthias"]
[Black "Wenzel, Birger"]
[Result "1-0"]
[WhiteElo "2532"]
[BlackElo "2037"]
[PlyCount "45"]
[EventDate "2024.??.??"]

1. e4 c6 2. d4 d5 3. e5 Bf5 4. Nf3 e6 5. Be2 Nd7 6. O-O a5 7. a4 f6 8. Bd3 Bg4 9. h3 Bxf3 10. Qxf3 f5 11. g4 g6 12. gxf5 exf5 13. Bxf5 Nh6 14. Bd3 Qh4 15. Be3 Bg7 16. Nc3 Rf8 17. Qg3 Qe7 18. Bg5 Qe6 19. Ne2 Nf5 20. Qg4 Qg8 21. Ng3 h5 22. Nxf5 Rxf5 23. Qg3 1-0

[Event "LLHH 2324 SK Johanneum Eppendorf II - SV"]
[Site "?"]
[Date "2024.02.25"]
[Round "6.2"]
[White "Kussin, Bernd"]
[Black "Paul, Anatolij"]
[Result "1/2-1/2"]
[WhiteElo "2082"]
[BlackElo "2066"]
[PlyCount "78"]
[EventDate "2024.??.??"]

1. d4 d5 2. Nf3 Nf6 3. c4 e6 4. cxd5 exd5 5. Nc3 c6 6. Bg5 Bf5 7. e3 Qb6 8. Bd3 Bxd3 9. Qxd3 Nbd7 10. O-O Be7 11. Rab1 a5 12. Qc2 O-O 13. a3 h6 14. Bh4 Rfe8 15. Na4 Qa7 16. Rfc1 g5 17. Bg3 Ne4 18. Ne5 Nf8 19. Nc5 Bxc5 20. dxc5 Nxg3 21. Ng4 Ne4 22. f3 Kg7 23. fxe4 Rxe4 24. Rf1 Nh7 25. Qf2 Rxg4 26. Qxf7+ Kh8 27. Qd7 Qxc5 28. Qxg4 Qxe3+ 29. Kh1 Re8 30. h3 Kg7 31. Qf5 Qe6 32. Qf2 Nf6 33. Qc5 Qe5 34. Qb6 Re7 35. Qf2 Ne4 36. Qf8+ Kg6 37. Kg1 Qd4+ 38. Kh2 Qe5+ 39. Kg1 Qd4+ 1/2-1/2

[Event "LLHH 2324 SK Johanneum Eppendorf II - SV"]
[Site "?"]
[Date "2024.02.25"]
[Round "6.3"]
[White "Spindel, Ulrich"]
[Black "Johannsen, Dennis"]
[Result "1/2-1/2"]
[WhiteElo "2091"]
[BlackElo "2055"]
[PlyCount "73"]
[EventDate "2024.??.??"]

1. d4 Nf6 2. c4 g6 3. Nc3 d5 4. Nf3 Bg7 5. e3 e6 6. b4 O-O 7. Be2 a5 8. b5 dxc4 9. Bxc4 b6 10. O-O Bb7 11. Ba3 Re8 12. Rc1 Nbd7 13. Qe2 Ne4 14. Nxe4 Bxe4 15. Rfd1 Nf6 16. Bd3 Bb7 17. Ne5 Bf8 18. Bxf8 Kxf8 19. Qc2 Qd5 20. Bf1 Re7 21. Qc4 Qe4 22. Nc6 Bxc6 23. Qxc6 Qxc6 24. Rxc6 Rd8 25. Rdc1 Rdd7 26. g3 Ke8 27. Bg2 Kd8 28. h3 Nd5 29. a3 Nf6 30. Bf3 Ne8 31. R6c3 Nf6 32. Bb7 Rd6 33. Rc4 Ne8 34. Bc6 Nf6 35. Bg2 e5 36. dxe5 Rxe5 37. R4c2 1/2-1/2